| 000 | 00869cam a2200289 a 4500 | ||
|---|---|---|---|
| 001 | 1179759 | ||
| 003 | OSt | ||
| 005 | 20160511124153.0 | ||
| 008 | 970307s1997 nyu 000 1 eng | ||
| 010 | _a 97010955 | ||
| 020 | _a0688149111 | ||
| 040 | _aSEKU | ||
| 043 | _an-us-ky | ||
| 050 | 0 | 0 |
_aPS 3569 _b.S3 |
| 100 | 1 | _aSheldon, Sidney. | |
| 245 | 1 | 4 |
_aThe best laid plans : _ba novel / _cSidney Sheldon. |
| 250 | _a1st ed. | ||
| 260 |
_aNew York : _bWilliam Morrow, _cc1997. |
||
| 300 |
_a358 p. ; _c25 cm. |
||
| 650 | 0 |
_aNewspaper publishing _xFiction. |
|
| 650 | 0 |
_aPresidents _zUnited States _xFiction. |
|
| 651 | 0 |
_aKentucky _xFiction. |
|
| 655 | 7 |
_aPolitical fiction. _2lcsh |
|
| 655 | 7 |
_aAdventure stories. _2gsafd |
|
| 856 | 4 | 2 |
_3Contributor biographical information _uhttp://www.loc.gov/catdir/enhancements/fy1308/97010955-b.html |
| 942 |
_2lcc _cGEN |
||
| 999 |
_c13759 _d13759 |
||